Statistiques concernant Silhouettes de pokémon

Cliquez ici pour prendre le quiz!

Statistiques générales

  • Ce quiz a été pris 161 fois
  • Le résultat moyen est 12 sur 16

Statistiques - réponses

Réponse% Correct
Pikachu
100%
Bulbizarre
96%
Léviator
95%
Dracolosse
94%
Lucario
92%
Dialga
84%
Galopa
78%
Xerneas
73%
Voltorbe
72%
Scorvol
69%
Noeunoeuf
68%
Bétochef
65%
Limonde
65%
Togekiss
65%
Bouldeneu
51%
Mushana
41%

Distribution des résultats

Percentile par nombre de réponses

% des personnes avec chaque résultat

Votre développement - résultats

Vous n’avez pas pris ce quiz